| 000 | 01413cam a2200349 a 4500 | ||
|---|---|---|---|
| 001 | 13670624 | ||
| 003 | OSt | ||
| 005 | 20240617160456.0 | ||
| 008 | 040729s2004 enka b 001 0 eng d | ||
| 010 | _a 2005533189 | ||
| 020 | _a0521837383 | ||
| 020 | _a0521546230 (pbk.) | ||
| 035 | _a(OCoLC)ocm55988284 | ||
| 040 |
_aH2K _cmust _dDLC |
||
| 042 | _alccopycat | ||
| 050 | 0 | 0 |
_aQB857 _b.I67 2004 |
| 082 | _a523.1 INT 2004 | ||
| 245 | 0 | 3 |
_aAn introduction to galaxies and cosmology / _cedited by Mark H. Jones and Robert J. Lambourne ; authors, David J. Adams ... [et al.]. |
| 260 |
_aMilton Keynes : _bOpen University ; _aCambridge, UK ; _aNew York : _bCambridge University Press, _c2004. |
||
| 300 |
_avi, 442 p. : _bill. (some col.) ; _c27 cm. |
||
| 504 | _aIncludes bibliographical references (p. 431-434) and index. | ||
| 650 | 0 |
_aGalaxies _vTextbooks. _917384 |
|
| 650 | 0 |
_aCosmology _vTextbooks. _9399 |
|
| 700 | 1 |
_aJones, Mark H. _q(Mark Henry) _917385 |
|
| 700 | 1 |
_aLambourne, Robert J. _917386 |
|
| 700 | 1 |
_aAdams, D. J. _q(David John) _917387 |
|
| 856 | 4 | 1 |
_3Table of contents _uhttp://www.loc.gov/catdir/toc/cam051/2004301655.html |
| 856 | 4 | 2 |
_3Publisher description _uhttp://www.loc.gov/catdir/description/cam051/2004301655.html |
| 906 |
_a7 _bcbc _ccopycat _d3 _encip _f20 _gy-gencatlg |
||
| 942 |
_2z _cO_SHELF |
||
| 999 |
_c8572 _d8572 |
||